Medical secrets
| Main Author: | |
|---|---|
| Format: | Book |
| Published: |
Singapore :
Info Access Distributors ,
19--?
|
| Subjects: |
MARC
| LEADER | 00000cam a2200000 7i4500 | ||
|---|---|---|---|
| 001 | 0000003047 | ||
| 002 | 000003299 | ||
| 005 | 20000330.0 | ||
| 020 | |a 9810030150 | ||
| 090 | 0 | 0 | |a 616.075 |b ZOL |
| 100 | 1 | |a Zollo, Anthony J.,Jr | |
| 245 | 1 | 0 | |a Medical secrets |c Anthony J. Zollo |
| 260 | |a Singapore : |b Info Access Distributors , |c 19--? | ||
| 300 | |a 558p. ; |c 22cm. | ||
| 650 | 0 | 0 | |a Medical examinations |
| 650 | 0 | 0 | |a Medical logic |
| 999 | |a 035569 |b BUKU |c PINJAMAN |e PERPUSTAKAAN KOMUNITI PETALING JAYA | ||
| 999 | |a 035570 |b BUKU |c RUJUKAN |e PERPUSTAKAAN KOMUNITI PETALING JAYA | ||